| 000 | 01446cam a2200361 4500 | ||
|---|---|---|---|
| 001 | 2180458 | ||
| 003 | OSt | ||
| 005 | 20250901165806.0 | ||
| 008 | 700409s1969 cau b 000 0 eng | ||
| 010 | _a 70010931 | ||
| 040 |
_aDLC _cDLC _dDLC |
||
| 050 | 0 | 0 | _aPR 2833 .S53 2011 |
| 082 | 0 | 0 |
_a822/.408 _220 |
| 245 | 0 | 0 |
_aAfter The tempest: The tempest; _bor, The enchanted island (1670); The tempest; or, The enchanted island (1674); The mock-tempest; or, The enchanted castle (1675); The tempest; an opera (1756). _cIntrod. by George Robert Guffey. |
| 260 |
_aLos Angeles, _bWilliam Andrews Clark Memorial Library, University of California, _c1969. |
||
| 300 |
_a1 v. (various pagings) _c23 cm. |
||
| 504 | _aIncludes bibliographical references. | ||
| 600 | 1 | 0 |
_aShakespeare, William, _d1564-1616 _xAdaptations. |
| 650 | 0 |
_aFathers and daughters _vDrama. |
|
| 650 | 0 |
_aPolitical refugees _vDrama. |
|
| 650 | 0 |
_aShipwreck victims _vDrama. |
|
| 650 | 0 |
_aMagicians _vDrama. |
|
| 650 | 0 |
_aIslands _vDrama. |
|
| 650 | 0 |
_aSpirits _vDrama. |
|
| 650 | 0 | _aEnglish drama. | |
| 700 | 1 | 2 |
_aShakespeare, William, _d1564-1616. _tTempest. _f1969. |
| 700 | 1 | 2 |
_aDuffett, Thomas. _tMock-tempest. _f1969. |
| 700 | 1 | 2 |
_aSmith, John Christopher, _d1712-1795. _tTempest. _pLibretto. _f1969. |
| 700 | 1 |
_aGuffey, George Robert, _eed. |
|
| 710 | 2 | _aWilliam Andrews Clark Memorial Library. | |
| 906 |
_a7 _bcbc _corignew _du _encip _f19 _gy-gencatlg |
||
| 942 |
_2lcc _cBK |
||
| 999 |
_c9302 _d9302 |
||